[Event "6 Torneo Un matto all'ora"]
[Site "?"]
[Date "2025.03.22"]
[Round "1"]
[White "Stirpe, Claudio"]
[Black "Grilli, Matteo"]
[Result "1-0"]
[WhiteElo "2006"]
[BlackElo "1667"]
[PlyCount "51"]

1. d4 Nf6 2. c4 c5 3. d5 b5 4. cxb5 a6 5. e3 axb5 6. Bxb5 e6 7. Nc3 Ba6 8. Bxa6 Rxa6 9. Nge2 exd5 10. Nxd5 Rd6 11. Nxf6+ Qxf6 12. Qc2 Be7 13. Bd2 O-O 14. O-O Nc6 15. Rad1 Qh4 16. Ng3 Rg6 17. Bc3 d6 18. Rd5 Qc4 19. Qe4 Qxa2 20. Nf5 Re6 21. Qf3 Ne5 22. Qg3 g6 23. Nxe7+ Rxe7 24. Rxd6 Nc4 25. Qh4 Nxd6 26. Qf6 1-0